[Event "Dianalund "]
[Site "Dianalund"]
[Date "2000.02.17"]
[Round "6"]
[White "Pilgaard, Kim"]
[Black "Christensen, John"]
[Result "0-1"]
[WhiteElo "2377"]
[BlackElo "2185"]
[PlyCount "78"]
[EventDate "2000.??.??"]
[EventType "tourn"]
[EventRounds "9"]
[EventCountry "DEN"]

1. e4 e6 2. d4 b6 3. Nf3 Bb7 4. Bd3 c5 5. O-O cxd4 6. Nxd4 Nc6 7. Nxc6 dxc6 8.
Nc3 Qc7 9. Qe2 Nf6 10. Bg5 Bd6 11. h3 h6 12. Be3 g5 13. a4 Rg8 14. a5 b5 15. a6
Bc8 16. Bd4 Be5 17. Bxe5 Qxe5 18. g3 h5 19. Kh1 h4 20. f4 gxf4 21. gxf4 Qh5 22.
e5 b4 23. Ne4 Nxe4 24. Qxe4 Rb8 25. Rg1 Rg3 26. Rxg3 hxg3 27. Kg2 Qh6 28. Kxg3
c5 29. Ra5 Qf8 30. Qc6+ Bd7 31. Qxc5 Qg7+ 32. Kh2 Rc8 33. Qg1 Qh6 34. Qg5 Qf8
35. Ra1 Qc5 36. Qg1 Qd5 37. Qxa7 b3 38. Qb7 Qd4 39. Qxb3 Qf2+ 0-1

[Event "Dianalund "]
[Site "Dianalund"]
[Date "2000.02.17"]
[Round "6"]
[White "Sivertsen, Palle"]
[Black "Rausis, Igors"]
[Result "0-1"]
[WhiteElo "2176"]
[BlackElo "2486"]
[PlyCount "40"]
[EventDate "2000.??.??"]
[EventType "tourn"]
[EventRounds "9"]
[EventCountry "DEN"]

1. e4 d5 2. Nc3 c6 3. d4 dxe4 4. Nxe4 Bf5 5. Ng3 Bg6 6. Nf3 Nf6 7. Bc4 e6 8.
O-O Nbd7 9. Re1 Qc7 10. c3 Bd6 11. b4 O-O 12. Nh4 a5 13. Nxg6 hxg6 14. bxa5
Rxa5 15. Bb3 c5 16. Qe2 Rc8 17. Bd2 c4 18. Bc2 Rca8 19. Ne4 Bxh2+ 20. Kh1 Rh5
0-1

[Event "Dianalund "]
[Site "Dianalund"]
[Date "2000.02.18"]
[Round "7"]
[White "Carstensen, Jacob"]
[Black "Bromann, Thorbjorn"]
[Result "1-0"]
[WhiteElo "2248"]
[BlackElo "2297"]
[PlyCount "72"]
[EventDate "2000.??.??"]
[EventType "tourn"]
[EventRounds "9"]
[EventCountry "DEN"]

1. d4 d5 2. g3 Bg4 3. Bg2 e6 4. Nf3 Nc6 5. c3 Qd7 6. b4 f6 7. Nbd2 Nh6 8. h3
Bh5 9. g4 Bg6 10. Nb3 Nf7 11. Nh4 Be4 12. f3 Bg6 13. Nxg6 hxg6 14. f4 Bd6 15.
Qd3 O-O-O 16. a4 Ne7 17. a5 g5 18. fxg5 e5 19. e4 exd4 20. Nxd4 dxe4 21. Qxe4
Bg3+ 22. Kf1 c5 23. bxc5 Rhe8 24. Qf3 Nf5 25. Qxb7+ Qxb7 26. Bxb7+ Kxb7 27.
gxf5 fxg5 28. Kg2 Be5 29. a6+ Ka8 30. Re1 Rd5 31. Ba3 Red8 32. c6 Rc8 33. Rab1
Nd8 34. Rxe5 Rxe5 35. c7 Re3 36. Bd6 Rxc3 1-0

[Event "Dianalund "]
[Site "Dianalund"]
[Date "2000.02.18"]
[Round "7"]
[White "Cherniaev, Alexander"]
[Black "Sivertsen, Palle"]
[Result "1-0"]
[WhiteElo "2460"]
[BlackElo "2176"]
[PlyCount "41"]
[EventDate "2000.??.??"]
[EventType "tourn"]
[EventRounds "9"]
[EventCountry "DEN"]

1. e4 Nc6 2. Nf3 g6 3. d4 Bg7 4. Nc3 d6 5. Be3 Bg4 6. Bb5 a6 7. Bxc6+ bxc6 8.
h3 Bxf3 9. Qxf3 Qb8 10. e5 Qb7 11. O-O Nh6 12. Bxh6 Bxh6 13. b3 O-O 14. Na4 Bg7
15. Rae1 Rab8 16. Re2 e6 17. c4 c5 18. Qxb7 Rxb7 19. dxc5 Bxe5 20. Rd1 Rd8 21.
Rxe5 1-0

[Event "Dianalund "]
[Site "Dianalund"]
[Date "2000.02.18"]
[Round "7"]
[White "Christensen, John"]
[Black "Miezis, Normunds"]
[Result "0-1"]
[WhiteElo "2185"]
[BlackElo "2481"]
[PlyCount "40"]
[EventDate "2000.??.??"]
[EventType "tourn"]
[EventRounds "9"]
[EventCountry "DEN"]

1. Nf3 c5 2. b3 Nc6 3. e3 e5 4. d3 g6 5. Bb2 Bg7 6. Qc1 Nge7 7. Be2 d5 8. Nbd2
O-O 9. e4 f5 10. exd5 Nxd5 11. Nc4 Re8 12. O-O b5 13. Ne3 Nf4 14. Re1 Nxe2+ 15.
Rxe2 Nd4 16. Re1 Nxf3+ 17. gxf3 Bb7 18. Ng2 Qd5 19. Qe3 f4 20. Qc1 Qxf3 0-1

[Event "Dianalund "]
[Site "Dianalund"]
[Date "2000.02.18"]
[Round "7"]
[White "Naes, Flovin Tor"]
[Black "Pedersen, Kim"]
[Result "1/2-1/2"]
[WhiteElo "2257"]
[BlackElo "2247"]
[PlyCount "61"]
[EventDate "2000.??.??"]
[EventType "tourn"]
[EventRounds "9"]
[EventCountry "DEN"]

1. e4 e5 2. Nf3 d6 3. d4 exd4 4. Nxd4 Nf6 5. Nc3 g6 6. Bc4 Bg7 7. O-O O-O 8.
Re1 Nc6 9. Nxc6 bxc6 10. Bg5 h6 11. Bh4 g5 12. Bg3 Ng4 13. Bb3 Ne5 14. Ne2 c5
15. c3 Rb8 16. Rb1 Kh8 17. Bxe5 Bxe5 18. Ng3 g4 19. Nf5 Qg5 20. Qd3 h5 21. h4
Qf6 22. g3 Rb6 23. Ne3 Be6 24. Nd5 Bxd5 25. Bxd5 Rfb8 26. Bb3 a5 27. Qc4 a4 28.
Qxa4 Bxg3 29. fxg3 Qf3 30. Qc4 Qxg3+ 31. Kh1 1/2-1/2

[Event "Dianalund "]
[Site "Dianalund"]
[Date "2000.02.18"]
[Round "7"]
[White "Rausis, Igors"]
[Black "Pilgaard, Kim"]
[Result "1-0"]
[WhiteElo "2486"]
[BlackElo "2377"]
[PlyCount "45"]
[EventDate "2000.??.??"]
[EventType "tourn"]
[EventRounds "9"]
[EventCountry "DEN"]

1. e4 e5 2. Nf3 Nc6 3. Bb5 a6 4. Bxc6 dxc6 5. O-O Qd6 6. Na3 Be6 7. Qe2 f6 8.
Rd1 c5 9. c3 O-O-O 10. d4 cxd4 11. cxd4 exd4 12. Rxd4 Qb6 13. Rxd8+ Kxd8 14.
Be3 Qc6 15. Rc1 Qd7 16. Bf4 Bd6 17. Bxd6 cxd6 18. Nd4 Ne7 19. Nc4 Nc8 20. Na5
Bf7 21. Qd2 Ke7 22. Nf5+ Kf8 23. Rxc8+ 1-0

[Event "Dianalund "]
[Site "Dianalund"]
[Date "2000.02.19"]
[Round "8"]
[White "Bromann, Thorbjorn"]
[Black "Naes, Flovin Tor"]
[Result "1-0"]
[WhiteElo "2297"]
[BlackElo "2257"]
[PlyCount "105"]
[EventDate "2000.??.??"]
[EventType "tourn"]
[EventRounds "9"]
[EventCountry "DEN"]

1. c4 e6 2. b3 Nf6 3. Bb2 d5 4. e3 Be7 5. f4 c5 6. Nf3 Nc6 7. Be2 d4 8. Ne5
Nxe5 9. fxe5 Ng8 10. exd4 cxd4 11. Bd3 Nh6 12. Qf3 f6 13. Ba3 Nf7 14. exf6 Bxf6
15. Be4 Ng5 16. Qh5+ Kd7 17. Bd3 e5 18. h4 g6 19. Qe2 Ne6 20. g3 Kc7 21. Rf1
Ng7 22. Be4 Nf5 23. Qf3 Nxg3 24. Qxf6 Qxf6 25. Rxf6 Nxe4 26. Rf7+ Bd7 27. d3
Nd6 28. Rf6 Ne8 29. Rf7 Nd6 30. Rf6 Nf5 31. Nd2 Bc6 32. Rf7+ Kd8 33. Ne4 Ke8
34. Rf6 Kd7 35. h5 Rae8 36. O-O-O Bxe4 37. dxe4 Ng3 38. Re1 Kc8 39. h6 Nh5 40.
Rf7 Nf4 41. Kd2 Re6 42. Be7 Ra6 43. a4 Rb6 44. b4 Rc6 45. c5 Rc7 46. Rg7 Re8
47. Bd6 Rd7 48. Rf1 b6 49. cxb6 Rxd6 50. bxa7 Ra6 51. Rc1+ Kd8 52. Rcc7 Rg8 53.
Rb7 1-0

[Event "Dianalund "]
[Site "Dianalund"]
[Date "2000.02.19"]
[Round "8"]
[White "Christensen, John"]
[Black "Rausis, Igors"]
[Result "0-1"]
[WhiteElo "2185"]
[BlackElo "2486"]
[PlyCount "80"]
[EventDate "2000.??.??"]
[EventType "tourn"]
[EventRounds "9"]
[EventCountry "DEN"]

1. Nf3 g6 2. e4 c5 3. Bc4 Bg7 4. c3 Qc7 5. a4 Nc6 6. Na3 Nf6 7. Qe2 d6 8. h3
O-O 9. d4 cxd4 10. Nb5 Qb6 11. Nbxd4 Nxd4 12. Nxd4 Bd7 13. Be3 Qc7 14. f3 Nh5
15. Rg1 a6 16. g4 Nf6 17. a5 Rac8 18. Bd3 d5 19. e5 Qxe5 20. f4 Qc7 21. f5 e5
22. fxe6 fxe6 23. h4 e5 24. Nf5 gxf5 25. gxf5 e4 26. Qg2 Bxf5 27. Be2 Bg6 28.
Qg5 Kh8 29. Bd4 e3 30. h5 Ne4 31. Qxe3 Nxc3 32. bxc3 Rce8 33. Qd2 Rxe2+ 34.
Kxe2 Bxh5+ 35. Ke1 Qe7+ 36. Be3 Rf3 37. Kd1 Rxe3+ 38. Kc2 Rxc3+ 39. Qxc3 Bxc3
40. Kxc3 Qc5+ 0-1

[Event "Dianalund "]
[Site "Dianalund"]
[Date "2000.02.19"]
[Round "8"]
[White "Miezis, Normunds"]
[Black "Pedersen, Kim"]
[Result "1-0"]
[WhiteElo "2481"]
[BlackElo "2247"]
[PlyCount "113"]
[EventDate "2000.??.??"]
[EventType "tourn"]
[EventRounds "9"]
[EventCountry "DEN"]

1. c4 c5 2. Nc3 Nc6 3. g3 g6 4. Bg2 Bg7 5. d3 d6 6. a3 Bd7 7. Bd2 Qc8 8. Rb1
Nd4 9. e3 Bc6 10. Nd5 Nf5 11. e4 Nd4 12. b4 e6 13. Nc3 h5 14. h4 b6 15. Nge2
Ne7 16. O-O O-O 17. Kh2 Qd7 18. Nxd4 cxd4 19. Ne2 b5 20. Nf4 a6 21. Rc1 bxc4
22. dxc4 Ba4 23. Qe2 Rac8 24. Bh3 Nc6 25. Nd3 Ne5 26. Nxe5 dxe5 27. Qd3 f5 28.
Bg2 Bc6 29. f3 Rf7 30. Rb1 Bf8 31. b5 Bb7 32. a4 Bc5 33. Rbe1 f4 34. gxf4 Qe7
35. Bh3 Qxh4 36. Rg1 Kh7 37. fxe5 Qf2+ 38. Rg2 Qxf3 39. Qxf3 Rxf3 40. Bxe6 Re8
41. Bd5 Bc8 42. Kh1 Bh3 43. Rg5 Rf2 44. e6 Rxd2 45. Bc6 Rxe6 46. Rxc5 axb5 47.
cxb5 d3 48. Rc3 Re5 49. Rg1 Bg4 50. Rg3 Be2 51. Kg1 h4 52. Rh3 Rg5+ 53. Kf2
Bh5+ 54. Ke3 Rgg2 55. Kd4 g5 56. Rhxd3 h3 57. e5 1-0

[Event "Dianalund "]
[Site "Dianalund"]
[Date "2000.02.19"]
[Round "8"]
[White "Pilgaard, Kim"]
[Black "Cherniaev, Alexander"]
[Result "1/2-1/2"]
[WhiteElo "2377"]
[BlackElo "2460"]
[PlyCount "141"]
[EventDate "2000.??.??"]
[EventType "tourn"]
[EventRounds "9"]
[EventCountry "DEN"]

1. e4 c5 2. Nf3 Nc6 3. d4 cxd4 4. Nxd4 Nf6 5. Nc3 e5 6. Ndb5 d6 7. Bg5 a6 8.
Na3 b5 9. Bxf6 gxf6 10. Nd5 f5 11. Bd3 Be6 12. O-O Bxd5 13. exd5 Ne7 14. c3 Bg7
15. Qh5 e4 16. Bc2 Qc8 17. Rae1 Qc5 18. Kh1 Be5 19. f3 Rg8 20. fxe4 f4 21. Bd1
b4 22. Ba4+ Kf8 23. Nb1 Rg7 24. Qh4 Rb8 25. Bb3 Ng6 26. Qf2 Qxf2 27. Rxf2 bxc3
28. bxc3 Ke7 29. Bc4 a5 30. Rd1 a4 31. Rc2 Rgg8 32. Na3 Rgc8 33. Kg1 Rc5 34.
Rdc1 Rbc8 35. Ba6 Rb8 36. Kf1 Ra5 37. Bd3 Rc5 38. Ke1 Bg7 39. Be2 Ne5 40. c4
Nd7 41. Rb1 Rxb1+ 42. Nxb1 Ra5 43. a3 Nc5 44. Nc3 Ra8 45. Nb5 Nxe4 46. Bd3 Nc5
47. Re2+ Be5 48. Bc2 Kf6 49. Kf2 h5 50. Re1 h4 51. Rf1 Rg8 52. Kf3 Kg5 53. Rf2
Rh8 54. h3 Rg8 55. Ke2 Kf6 56. Kf1 Nb3 57. Be4 Rg3 58. Bf3 Ke7 59. Ke2 Kd8 60.
Kd3 Kc8 61. Rf1 Kb7 62. Nc3 Nc5+ 63. Kc2 Kc7 64. Re1 Rg8 65. Nb5+ Kb6 66. Nc3
Kc7 67. Nb5+ Kb6 68. Nc3 Ka5 69. Nb5 Nb3 70. Kd3 Nc5+ 71. Kc2 1/2-1/2

[Event "Dianalund "]
[Site "Dianalund"]
[Date "2000.02.19"]
[Round "8"]
[White "Sivertsen, Palle"]
[Black "Carstensen, Jacob"]
[Result "0-1"]
[WhiteElo "2176"]
[BlackElo "2248"]
[PlyCount "82"]
[EventDate "2000.??.??"]
[EventType "tourn"]
[EventRounds "9"]
[EventCountry "DEN"]

1. e4 c5 2. Nc3 Nc6 3. f4 g6 4. Nf3 Bg7 5. Bc4 e6 6. f5 gxf5 7. d3 Nge7 8. O-O
d6 9. a4 d5 10. exd5 exd5 11. Bb3 Be6 12. Ng5 Qd7 13. Ne2 O-O-O 14. Nf4 Ng6 15.
Nh5 Be5 16. c3 h6 17. Nf3 d4 18. Nxe5 Ncxe5 19. c4 Ng4 20. Bc2 Ne3 21. Bxe3
dxe3 22. Qe2 Qd4 23. Rab1 a5 24. g3 Rhg8 25. Kh1 Bd7 26. h3 Qe5 27. Kh2 Rde8
28. Rbe1 Re7 29. b3 Qd4 30. Rf3 Rge8 31. Nf4 Bc6 32. Rff1 Re5 33. Rd1 Qc3 34.
Rde1 Nf8 35. Rc1 Ne6 36. Qe1 Qxe1 37. Rcxe1 Nd4 38. Bd1 e2 39. Bxe2 Nxe2 40.
Rxe2 Rxe2+ 41. Nxe2 Rxe2+ 0-1

[Event "Dianalund "]
[Site "Dianalund"]
[Date "2000.02.20"]
[Round "9"]
[White "Carstensen, Jacob"]
[Black "Pilgaard, Kim"]
[Result "0-1"]
[WhiteElo "2248"]
[BlackElo "2377"]
[PlyCount "84"]
[EventDate "2000.??.??"]
[EventType "tourn"]
[EventRounds "9"]
[EventCountry "DEN"]

1. c4 c5 2. Nc3 Nc6 3. Nf3 g6 4. g3 Bg7 5. Bg2 e6 6. e4 Nge7 7. O-O O-O 8. Re1
d6 9. d3 a6 10. Be3 e5 11. Qd2 Rb8 12. a4 Kh8 13. Nh4 Be6 14. f4 exf4 15. Bxf4
Nd4 16. Rab1 Nec6 17. Nf3 b5 18. axb5 axb5 19. b3 Nxf3+ 20. Bxf3 Nd4 21. Bg2 b4
22. Nd1 Ra8 23. Bg5 Qe8 24. e5 dxe5 25. Bh6 f6 26. Bxg7+ Kxg7 27. Ne3 Ra3 28.
Nc2 Ra2 29. Rec1 Qd7 30. Qf2 Bf5 31. Ra1 Rxa1 32. Nxa1 Bxd3 33. Rd1 e4 34. Qa2
Rf7 35. Qa8 Qg4 36. Re1 Nf3+ 37. Bxf3 Qxf3 38. Qd5 Ra7 39. Qxc5 Ra2 40. Qc7+
Kh6 41. Qf4+ g5 42. Qxf3 exf3 0-1

[Event "Dianalund "]
[Site "Dianalund"]
[Date "2000.02.20"]
[Round "9"]
[White "Cherniaev, Alexander"]
[Black "Christensen, John"]
[Result "1-0"]
[WhiteElo "2460"]
[BlackElo "2185"]
[PlyCount "93"]
[EventDate "2000.??.??"]
[EventType "tourn"]
[EventRounds "9"]
[EventCountry "DEN"]

1. e4 e6 2. d4 b6 3. c4 Bb4+ 4. Bd2 Bxd2+ 5. Qxd2 d5 6. cxd5 exd5 7. exd5 Qxd5
8. Nc3 Qe6+ 9. Be2 Ba6 10. d5 Qh6 11. Qd4 Bxe2 12. Ngxe2 Qf6 13. Qa4+ Kf8 14.
O-O Ne7 15. Rad1 a5 16. Qe4 Qf5 17. Qe3 Qd7 18. Qf3 Nc8 19. d6 c6 20. Rfe1 Ra7
21. Nd4 Rb7 22. Ne4 h6 23. Nf5 Qd8 24. Ne7 Rd7 25. Ng6+ Kg8 26. Ne5 Nxd6 27.
Nxd6 Rxd6 28. Nxf7 Rxd1 29. Rxd1 Qxd1+ 30. Qxd1 Kxf7 31. Qb3+ Ke7 32. Qxb6 Re8
33. Qxa5 Nd7 34. g3 c5 35. b4 cxb4 36. Qxb4+ Kd8 37. a4 Re6 38. h4 g6 39. a5 h5
40. Qb7 Rd6 41. Kg2 Re6 42. a6 Rb6 43. Qa8+ Kc7 44. a7 Ra6 45. Qe8 Rxa7 46.
Qxg6 Ra5 47. f4 1-0

[Event "Dianalund "]
[Site "Dianalund"]
[Date "2000.02.20"]
[Round "9"]
[White "Naes, Flovin Tor"]
[Black "Sivertsen, Palle"]
[Result "1/2-1/2"]
[WhiteElo "2257"]
[BlackElo "2176"]
[PlyCount "88"]
[EventDate "2000.??.??"]
[EventType "tourn"]
[EventRounds "9"]
[EventCountry "DEN"]

1. Nf3 Nf6 2. g3 d6 3. d4 c6 4. Bg2 Qc7 5. c4 e5 6. Nc3 Nbd7 7. O-O Be7 8. e4
Nf8 9. h3 Ng6 10. Be3 h5 11. Ne1 h4 12. g4 Nh7 13. Nd3 Ng5 14. d5 c5 15. Qd2
Qd8 16. f3 Nh7 17. a3 Bg5 18. b4 b6 19. Nb5 Kd7 20. Qf2 Bxe3 21. Qxe3 Qg5 22.
Qf2 Nf4 23. Nxf4 Qxf4 24. a4 Ng5 25. a5 Bb7 26. bxc5 bxc5 27. a6 Bc8 28. Nxd6
Kxd6 29. Ra5 Nxe4 30. fxe4 Qxf2+ 31. Rxf2 f6 32. Rb2 Bd7 33. Rb7 Rhb8 34. Bf3
Rxb7 35. axb7 Rb8 36. Rxa7 Kc7 37. Ra5 Kb6 38. Ra8 Kxb7 39. Rxb8+ Kxb8 40. Kf2
Kc7 41. Ke3 Kd6 42. Bd1 Ke7 43. Bc2 Kf7 44. Kf3 Kg6 1/2-1/2

[Event "Dianalund "]
[Site "Dianalund"]
[Date "2000.02.20"]
[Round "9"]
[White "Pedersen, Kim"]
[Black "Bromann, Thorbjorn"]
[Result "0-1"]
[WhiteElo "2247"]
[BlackElo "2297"]
[PlyCount "64"]
[EventDate "2000.??.??"]
[EventType "tourn"]
[EventRounds "9"]
[EventCountry "DEN"]

1. c4 e5 2. Nc3 Nf6 3. g3 d5 4. cxd5 Nxd5 5. Bg2 Nb6 6. Nf3 Nc6 7. d3 Be7 8. a3
g5 9. h3 f5 10. Be3 Bf6 11. Bxb6 axb6 12. Qb3 Na5 13. Qd5 Qe7 14. h4 c6 15. Qa2
Be6 16. Qb1 gxh4 17. Nxh4 Nb3 18. Ra2 Nd4 19. e3 Bxa2 20. Qxa2 Bxh4 21. Rxh4
Ne6 22. Rh6 Nc5 23. b4 Nxd3+ 24. Kf1 O-O-O 25. Bxc6 Kb8 26. Nd5 Qg7 27. Re6 f4
28. Bxb7 fxg3 29. Rxb6 gxf2 30. Bc6+ Ka7 31. Rb7+ Qxb7 32. Bxb7 Rhg8 0-1